Nouvelles françoises en prose du XIVe. siecle (Record no. 160786)

MARC details
000 -LEADER
campo de control de longitud fija 00839nam a22002175i 4500
001 - NÚMERO DE CONTROL
campo de control 160786
003 - IDENTIFICADOR DE NÚMERO DE CONTROL
campo de control ES-MaACL
005 - FECHA Y HORA DE LA ÚLTIMA TRANSACCIÓN
campo de control 20250801180749.0
008 - DATOS DE LONGITUD FIJA--INFORMACIÓN GENERAL
campo de control de longitud fija 000209s1858 fr |||| | fre d
040 ## - FUENTE DE CATALOGACIÓN
Centro catalogador/agencia de origen CCPB | B
Lengua de catalogación spa
Centro/agencia transcriptor CCPB | B
080 ## - NÚMERO DE LA CLASIFICACIÓN DECIMAL UNIVERSAL
Número de la Clasificación Decimal Universal 821.133.1-34"13"(082.2)
245 00 - MENCIÓN DEL TÍTULO
Título Nouvelles françoises en prose du XIVe. siecle
Resto del título : publiées d'apres les manuscrits /
Mención de responsabilidad, etc. avec une introduction et des notes par L. Moland et C. d'Hericault.
260 ## - PUBLICACIÓN, DISTRIBUCIÓN, ETC.
Lugar de publicación, distribución, etc. Paris :
Nombre del editor, distribuidor, etc. P. Jannet,
Fecha de publicación, distribución, etc. 1858 (
Fabricante Guiraudet et Jouaust)
300 ## - DESCRIPCIÓN FÍSICA
Extensión CXXXIX, 304 p. ;
Dimensiones 17 cm.
490 1# - MENCIÓN DE SERIE
Mención de serie Bibliothèque elzevirienne ;
Designación de volumen o secuencia 59
700 0# - ENTRADA AGREGADA--NOMBRE PERSONAL
Nombre de persona Moland, Louis.
9 (RLIN) 81839
700 1# - ENTRADA AGREGADA--NOMBRE PERSONAL
Nombre de persona Héricault, Charles de Ricault d',
Fechas asociadas al nombre 1823-1899
9 (RLIN) 154452
830 0# - PUNTO DE ACCESO ADICIONAL DE SERIE-TÍTULO UNIFORME
Título uniforme Bibliothèque elzevirienne ;
Designación de volumen o secuencia 59
9 (RLIN) 180979
852 ## - LOCALIZACIÓN
Ubicación ES-MaACL
Número de control de estantería G-2379
Nota libre -- Enc. tela
Holdings
Estatus retirado Estado de pérdida Estado de daño No para préstamo Colección Biblioteca de origen Biblioteca actual Ubicación en estantería Fecha de adquisición Fuente de adquisición Total de préstamos Signatura topográfica completa Código de barras Visto por última vez Precio de reemplazo Tipo de ítem Koha
        Libros del s. XIX Biblioteca del Ateneo de Madrid Biblioteca del Ateneo de Madrid Depósito 2 17/01/2008     G-2379 1168375 23/02/2023 23/02/2023 Libro impreso antiguo